Willem Dafoe Filmography - Statistics

General Stats
  • This quiz has been taken 413 times
    97 since last reset
  • The average score is 31 of 223
Answer Stats
Type Year Name % Correct
Film | Video Game 2002 Spider-Man
98%
Film 2004 Spider-Man 2
87%
Film 2007 Spider-Man 3
87%
Film 2019 The Lighthouse
82%
Film 2021 Spider-Man: No Way Home
73%
Film 2024 Nosferatu
64%
Film 2014 The Grand Budapest Hotel
62%
Film 2023 Poor Things
60%
Film | Video Game 2003 Finding Nemo
53%
Film 1986 Platoon
53%
Film 2022 The Northman
51%
Film 2000 American Psycho
49%
Film 2023 Asteroid City
49%
Film 2017 The Florida Project
47%
Film 2004 The Life Aquatic with Steve Zissou
47%
Film 2018 At Eternity's Gate
44%
Film 2009 Fantastic Mr. Fox
44%
Film 1999 The Boondock Saints
44%
Film 1988 The Last Temptation of Christ
44%
Film 2009 Antichrist
42%
Film 2021 The French Dispatch
42%
Film 2025 The Phoenician Scheme
42%
Film 2016 Finding Dory
40%
Film 2024 Kinds of Kindness
38%
Film 1990 Wild at Heart
38%
Film 2023 Inside
36%
Film 1988 Mississippi Burning
36%
Film 2024 Beetlejuice Beetlejuice
33%
Film 2014 John Wick
33%
Film 2000 Shadow of the Vampire
33%
TV Show 2022 Saturday Night Live
29%
Film 1985 To Live and Die in L.A.
29%
Film 2018 Aquaman
27%
Film 2017 Murder on the Orient Express
27%
Film 2013 NYMPH()MANIAC: Vol. II
27%
Film 2014 Pasolini
27%
Film 1982 The Loveless
27%
Film 1989 Born on the Fourth of July
24%
Film 1990 Cry-Baby
24%
Film 1997 Speed 2: Cruise Control
24%
TV Show 1997, 2014 The Simpsons
24%
Film 2006 Inside Man
22%
Film 2009 The Boondock Saints II: All Saints Day
22%
Film 1996 The English Patient
22%
Film 1983 The Hunger
22%
Film 1999 eXistenZ
20%
Film 2017 Justice League
20%
Film 1992 Light Sleeper
20%
Film 2014 The Fault in Our Stars
20%
Film 2000 Animal Factory
18%
Film 1993 Body of Evidence
18%
Film 1994 Clear and Present Danger
18%
Film 2009 Daybreakers
18%
Film 1980 Heaven's Gate
18%
Film 2012 John Carter
18%
Film 2005 Manderlay
18%
Film 2007 Mr. Bean's Holiday
18%
Film 1998 New Rose Hotel
18%
Film 2021 Nightmare Alley
18%
Film 2024 Saturday Night
18%
Film 1984 Streets of Fire
18%
Film 2004 The Aviator
18%
Film 2023 The Boy and the Heron
18%
Film 2019 Togo
18%
Film 1996 Basquiat
16%
Film 2017 Death Note
16%
Film 2003 Once Upon a Time in Mexico
16%
Film 2020 Siberia
16%
Film 2016 The Great Wall
16%
Film 2019 Tommaso
16%
Film 2011 4:44 Last Day on Earth
13%
Film 2016 Dog Eat Dog
13%
Film 1991 Flight of the Intruder
13%
Film 2019 Motherless Brooklyn
13%
Film 2015 My Hindu Friend
13%
Film 2009 My Son, My Son, What Have Ye Done?
13%
Film 1985 Roadhouse 66
13%
Film 2004 The Clearing
13%
Film 2011 The Hunter
13%
Film 2025 The Man in My Basement
13%
Film 1992 White Sands
13%
Film 1997 Affliction
11%
Film 2014 A Most Wanted Man
11%
Video Game 2013 Beyond: Two Souls
11%
Film 2000 Bullfighter
11%
Film 2013 Odd Thomas
11%
Film 1988 Off Limits
11%
Commercial 2016 Snickers
11%
Film 2021 The Card Counter
11%
Film 2025 The Legend of Ochi
11%
Film 1994 Tom & Viv
11%
Film 1989 Triumph of the Spirit
11%
Film 2005 xXx: State of the Union
11%
TV Film 2021 Zack Snyder's Justice League
11%
Film 2002 Auto Focus
9%
Film 2022 Dead for a Dollar
9%
Film 1993 Faraway, So Close!
9%
Film 2013 Out of the Furnace
9%
TV Documentary 2006 The Passion: Films, Faith & Fury
9%
Film 2018 Vox Lux: A Twenty-First Century Portrait
9%
Video Game 2021 12 Minutes
7%
Film 2016 A Family Man
7%
Film 2007 Anamorph
7%
Film 2014 Bad Country
7%
Film 2009 Cirque de Freak: The Vampire's Assistant
7%
Film 2001 Edges of the Lord
7%
Video Game 2004 James Bond 007: Everything or Nothing
7%
Documentary 2019 Love, Antosha
7%
Film 1998 Lulu on the Bridge
7%
Film 2006 Paris, je t'aime
7%
TV Show 2022 The Kingdom
7%
Film 2020 The Last Thing He Wanted
7%
Film 1994 The Night and the Moment
7%
Film 2003 The Reckoning
7%
Film 1996 Victory
7%
Film 2017 What Happened to Monday
7%
Film 2008 Adam Resurrected
4%
Short Film TBA Arrive Alive
4%
TV Documentary 1987 Dear America: Letters Home from Vietnam
4%
Commercial 2012-2013 FAGE Greek Yogurt
4%
Documentary Mini-Series 1991 Fishing with John
4%
Film 2007 Go Go Tales
4%
Film 2004 Jiminy Glick in Lalawood
4%
Film 2016 Padre
4%
Film 2023 Pet Shop Days
4%
Film 2016 Sculpt
4%
Film 2008 The Dust of Time
4%
TV Show 1986 The Hitchhiker
4%
Theater 2011 The Life and Death of Marina Abramovic
4%
Short Film 2020 7 Deaths of Maria Callas
2%
Film 2006 American Dreamz
2%
Documentary Series 2010 American Experience
2%
Film 2010 A Woman
2%
Documentary 2019 Babenco: Tell Me When I Die
2%
Film 2005 Before It Had a Name
2%
Commercial 2010 Birdseye
2%
Film 2019 Birds of a Feather
2%
Film 2004 Control
2%
Music Video 2012 Cut the World
2%
Film 2009 Farewell
2%
Film 2023 Finally Dawn
2%
TV Documentary 2022 Finding Satoshi
2%
Film 2008 Fireflies in the Garden
2%
TV Film 2000 Globehunters
2%
Film 2023 Gonzo Girl
2%
Theater 2009 Idiot Savant
2%
Film 2010 Miral
2%
Documentary 2017 Mountain
2%
Film 1984 New York Nights
2%
Film 2017 Opus Zero
2%
Documentary 2003 Overnight
2%
Documentary 2017 Piigs
2%
Film 2005 Ripley Underground
2%
Documentary 2021 River
2%
Short Film 2013 Saving Norman
2%
Documentary 2020 Sportin' Life
2%
Film 2007 Tales from Earthsea
2%
Film TBA Tenzing
2%
Film 2025 The Birthday Party
2%
Theater 1997 The Hairy Ape
2%
Theater 2013-2014 The Old Woman
2%
Short Film 2013 The Smile Man
2%
Film 2025 The Souffleur
2%
Film 2007 The Walker
2%
Film 2012 Tomorrow You're Gone
2%
Theater 2002 To You, the Birdie!
2%
Short Documentary 2003 Ashtanga, NY
0%
Documentary 2007 Bienvenue à Cannes
0%
Documentary 1992 Blast 'Em
0%
Commercial 2015 BT
0%
Commercial 1998 Buick Century
0%
Short Documentary 2015 Calling in the Cavalry
0%
Short Film 2003 Camel Cricket City
0%
Film TBA Cuddle
0%
Documentary 2017 Do Donkeys Act?
0%
Commercial 2005 Domestos Bleach
0%
Commercial 2006 Filmfour
0%
Documentary 2004 Final Cut: The Making and Unmaking of Heaven's Gate
0%
Documentary 2018 Friedkin Uncut
0%
Documentary 2015 Fukushima: A Nuclear Story
0%
Short Documentary 2011 Gauguin: Maker of Myth
0%
Short Film 2025 Grande Envie
0%
TV Documentary 2003 Hollywood High
0%
Commercial 2006 Jaguar
0%
Documentary 2017 Julian Schnabel: A Private Portrait
0%
Film 2025 Last Fame
0%
Short Film 2013 Love's Routine
0%
Commercial 2013 Mercedes-Benz CLA
0%
TV Special 2001 Michael Jackson: 30th Anniversary Celebration
0%
Short Film 2016 Mind the Gap
0%
Documentary 2018 Mountain Quest
0%
Film 2016 Nelson Algren Live
0%
Documentary 1992 North on Evers
0%
TV Documentary 2006 Oliver Stone - Hollywoods Lieblingserbell
0%
Short Film 1985 O Panama
0%
Film 2001 Pavilion of the Lord
0%
Documentary 2017 Piazza Vittorio
0%
Documentary 2018 Platoon: Brothers in Arms
0%
TV Special 2005 Premio Donostia a Willem Dafo
0%
Documentary 2010 Problema
0%
Commercial 1999 Qwest
0%
TV Show 2005 Reel Comedy
0%
TV Documentary 2022 Robert Wilson: Die Schönheit des Geheimnisvollen
0%
Documentary 2003 Rockets Redglare!
0%
Documentary 2020 Roy's World: Barry Gifford's Chicago
0%
Short Film 2024 Run 002
0%
Commercial 1999 Salomon Smith Barney
0%
TV Documentary 2002 Spidermania
0%
Short Film 2013 The Benkai Museum
0%
Documentary 1985 The Communists Are Comfortable
0%
Documentary 2004 The Misbehavers
0%
Short Film 2007 The Procedure
0%
TV Documentary 2002 The Spider-Man Story
0%
TV Show 1992 The Tonight Show Starring Johnny Carson
0%
Documentary 2022 The Wild One
0%
Documentary 2005 This Is an Adventure
0%
Documentary Series 2002 Tomorrow's World
0%
Podcast 2020 We Are Not Alone
0%
Documentary Series 2020 Wenders - Von Filmen und Träumen
0%
Documentary 1998 What Is Yoga?
0%
Short Film 1981 White Lies
0%
No matching quizzes found
Score Distribution
Percent of People with Each Score
Percentile by Number Answered
Your Score History
You have not taken this quiz since the last reset